| 000 | 00676cam a2200145 4500500 | ||
|---|---|---|---|
| 005 | 20251228092912.0 | ||
| 041 | _afre | ||
| 042 | _adc | ||
| 100 | 1 | 0 |
_aMazour-Matusevich, Yelena _eauthor |
| 245 | 0 | 0 | _aSiegfried Wenzel, Beyond the Sermo modernus. Sermon Form in Early Fifteenth-Century England, Toronto, Pontifical Institute of Medieval Studies, 2021 ; 1 vol., 282 p. (Studies and Texts, 222). ISBN : 978-0-88844-222-2. Prix : USD 95,00 |
| 260 | _c2023. | ||
| 500 | _a67 | ||
| 786 | 0 | _nLe Moyen Age | CXXVIII | 3 | 2023-04-11 | p. 759zzr-879zzr | 0027-2841 | |
| 856 | 4 | 1 | _uhttps://shs.cairn.info/revue-le-moyen-age-2022-3-page-759zzr?lang=fr&redirect-ssocas=7080 |
| 999 |
_c1603873 _d1603873 |
||